000 00331nam a22001457a 4500
008 210527b ||||| |||| 00| 0 eng d
020 _a9780898794076
041 _aeng
080 _a371
082 _a371
100 _a46
101 _aEDU
245 _aThe Complete Guide to Writing Biographies
_cSchwarz,T
942 _2udc
_cBK
999 _c57730
_d57730